000 00663nab a2200181 4500
001 244442
003 OSt
005 20250930125311.0
007 tu
008 200917s2020|||||||
040 _aDE-2950
_cDE-2950
245 0 0 _a"Slubice ist bereit für die Zukunft"
_bJubiläum. Unter dem eindrucksvollen Motto "Die Geschichte verbindet uns" wurde das 80-jjährige Bestehen von Frankfurts polnischer Nachbarstadt gefeiert. Sonnabend gehen die Feierlichkeiten weiter/
_cJörg Kotterba
264 _c2025
653 _aSlubice
653 _a80 Jahre
773 0 _g36. Jahrgang (2025) Nr. 219 vom 19.09.2025, S. 16 mit Fotos
_tMärkische Oderzeitung
942 _2z
_cA
999 _c374024
_d374024